Management Theory And Practice (Record no. 2379)

MARC details
000 -LEADER
fixed length control field 00654nam a22002177a 4500
003 - CONTROL NUMBER IDENTIFIER
control field OSt
005 - DATE AND TIME OF LATEST TRANSACTION
control field 20151102180611.0
008 - FIXED-LENGTH DATA ELEMENTS--GENERAL INFORMATION
fixed length control field 151102b xxu||||| |||| 00| 0 eng d
020 ## - INTERNATIONAL STANDARD BOOK NUMBER
International Standard Book Number 0706990307
040 ## - CATALOGING SOURCE
Transcribing agency 040A
082 ## - DEWEY DECIMAL CLASSIFICATION NUMBER
Classification number 658
Item number CHA;2004/187
245 ## - TITLE STATEMENT
Title Management Theory And Practice
Statement of responsibility, etc. Chandan;J S
260 ## - PUBLICATION, DISTRIBUTION, ETC. (IMPRINT)
Place of publication, distribution, etc. Newyork city
Name of publisher, distributor, etc. VIKAS PUBLISHING HOUSE PVT LTD
Date of publication, distribution, etc. 2004
300 ## - PHYSICAL DESCRIPTION
Extent xix;501
Other physical details ill
Dimensions 32 cm
440 ## - SERIES STATEMENT/ADDED ENTRY--TITLE
Title Management Theory and Practice
9 (RLIN) 5937
505 ## - FORMATTED CONTENTS NOTE
Statement of responsibility J S CHANDAN
Title MANAGEMENT THEORY AND PRACTICE
518 ## - DATE/TIME AND PLACE OF AN EVENT NOTE
Date/time and place of an event note 2004<br/>
600 ## - SUBJECT ADDED ENTRY--PERSONAL NAME
Personal name J S CHANDAN
9 (RLIN) 5938
662 ## - SUBJECT ADDED ENTRY--HIERARCHICAL PLACE NAME
Country or larger entity NEWYORK
942 ## - ADDED ENTRY ELEMENTS (KOHA)
Source of classification or shelving scheme Dewey Decimal Classification
Koha item type Short Loan
Classification part 08/29683
Holdings
Withdrawn status Lost status Source of classification or shelving scheme Damaged status Not for loan Home library Current library Date acquired Source of acquisition Inventory number Total Checkouts Full call number Barcode Date last seen Koha item type
    Dewey Decimal Classification     MUST Main Library MUST Main Library 02/11/2015   08/29683   658 CHA 2004 2015-2397 02/11/2015 Short Loan
    Dewey Decimal Classification     MUST Main Library MUST Main Library 20/09/2016   05/24010   658 CHA 2004 2016-4413 20/09/2016 Short Loan